01066nam a2200241 a 4500001000900000005001700009008004100026020001500067040001800082050002200100245006700122260003400189300003200223500005800255500014500313500005000458504003200508650005900540650006100599650005800660651005300718651005300771BRCA_87520190320203204.0990531s1999 sp-a---##b---#001-0#spa-d a8492388641 aDLCcDLCdDLC 4aNK7114b.O76 199910aEl oro y la plata de las Indias en la época de los Austrias. aMadridbFundación ICOc1999 a797 p.bil. a colorc29 cm. aIncluye índice onomástico e índice toponímico aEstado físico: encuadernado, enero 2013. Reencuadernado, marzo 2015. Debido a su gran extensión de páginas se encuaderno en dos partes a2do. ejemplar en el Área de Investigación aBibliografía : p. 765-77814aMinas de orovExposicionesxHistoriazAmérica Latina14aMinas de platavExposicionesxHistoriazAmérica Latina14aEspañolesvExposicionesxHistoriazAmérica Latina 4aEspañavExposicionesxCondiciones económicas 4aAmérica LatinavExposicionesxHistoriaya 1830